Rozvoj zahranično-obchodných vzťahov TOP SSR do roku 2000, ako významnej formy zapojenia odvetvia do medzinárodnej deľby práce a socialistickej ekonomickej integrácie kandidátska dizertačná práca

Salvato in:
Dettagli Bibliografici
Autore principale: Chovan, Jozef
Ente Autore: Vysoká škola ekonomická v Bratislave
Altri autori: Adamovicová, Rimma
Natura: Libro
Lingua:slovacco
Pubblicazione: Bratislava 1984
Soggetti:
Tags: Aggiungi Tag
Nessun Tag, puoi essere il primo ad aggiungerne!!

MARC

LEADER 00000nam a2200000 4500
001 c002722
005 20221220085626.8
041 0 |a slo 
044 |a SK 
245 1 0 |a Rozvoj zahranično-obchodných vzťahov TOP SSR do roku 2000, ako významnej formy zapojenia odvetvia do medzinárodnej deľby práce a socialistickej ekonomickej integrácie  |b kandidátska dizertačná práca  |c Jozef Chovan ; Škol. Rimma Adamovicová 
264 1 |a Bratislava  |c 1984 
300 |a 192 s. 
610 2 0 |a MSEI 
610 2 0 |a Slovensko 
610 2 0 |a deľba práce medzinárodná 
610 2 0 |a obchod zahraničný 
610 2 0 |a priemysel odevný 
610 2 0 |a priemysel textilný 
610 2 0 |a plánovanie 
610 2 0 |a prognózy 
100 1 |a Chovan, Jozef 
700 1 |a Adamovicová, Rimma 
710 2 |a Vysoká škola ekonomická v Bratislave